[Event "Ruhrgebiet Verbandsklasse Gruppe 3 1617"]
[Site "Germany"]
[Date "2017.04.30"]
[Round "9.6"]
[White "Kalkhoff, Andreas"]
[Black "Jedner, Volker"]
[Result "1/2-1/2"]
[WhiteElo "1797"]
[BlackElo "1816"]
[PlyCount "83"]
[EventDate "2016.09.04"]
[EventType "team-tourn"]
[EventRounds "9"]
[EventCountry "GER"]
[SourceTitle "EXT 2022"]
[Source "ChessBase"]
[SourceDate "2021.10.06"]
[SourceVersion "1"]
[SourceVersionDate "2021.10.06"]
[SourceQuality "1"]
[WhiteTeam "Borbeck Weisse Dame II"]
[BlackTeam "Hoentrop SG"]
[WhiteTeamCountry "GER"]
[BlackTeamCountry "GER"]

1. d4 d5 2. Nf3 c6 3. Bf4 Nf6 4. Nbd2 Bf5 5. e3 e6 6. Be2 Be7 7. 0-0 Nbd7 8. h3 h6 9. c4 0-0 10. Rc1 dxc4 11. Nxc4 Nb6 12. Nfd2 Nfd5 13. Bg3 Nxc4 14. Nxc4 Nb6 15. Nd2 Bg6 16. a3 Bd6 17. Bxd6 Qxd6 18. Bf3 e5 19. Nc4 Nxc4 20. Rxc4 e4 21. Be2 f5 22. f4 exf3 23. Bxf3 Qe6 24. Rc3 Rae8 25. d5 Qe5 26. dxc6 bxc6 27. Bxc6 Rd8 28. Qe2 Kh8 29. Bf3 Rb8 30. Rfc1 Rfe8 31. Qa6 Rb6 32. Qe2 Rbe6 33. Qf2 Rb8 34. b4 Kh7 35. Rc7 a6 36. R7c6 Rxc6 37. Bxc6 Rc8 38. Qd2 Qe6 39. Bf3 Rxc1+ 40. Qxc1 Qb3 41. Be2 Qe6 42. Bf3 1/2-1/2

[Event "Ruhrgebiet Verbandsklasse Gruppe 1 1516"]
[Site "Germany"]
[Date "2016.01.24"]
[Round "6.5"]
[White "Mittelbachert, Ulrich"]
[Black "Kalkhoff, Andreas"]
[Result "1/2-1/2"]
[WhiteElo "1834"]
[BlackElo "1777"]
[PlyCount "74"]
[EventDate "2015.09.06"]
[EventType "team-tourn"]
[EventRounds "9"]
[EventCountry "GER"]
[SourceTitle "EXT 2022"]
[Source "ChessBase"]
[SourceDate "2021.10.06"]
[SourceVersion "1"]
[SourceVersionDate "2021.10.06"]
[SourceQuality "1"]
[WhiteTeam "Sodingen/Castrop SK III"]
[BlackTeam "Borbeck Weisse Dame II"]
[WhiteTeamCountry "GER"]
[BlackTeamCountry "GER"]

1. Nf3 d5 2. g3 Nf6 3. Bg2 Nbd7 4. c4 e6 5. cxd5 exd5 6. 0-0 Bd6 7. d3 0-0 8. Nc3 c6 9. e4 dxe4 10. dxe4 Ne5 11. h3 Qe7 12. Kh2 Nxf3+ 13. Qxf3 Nd7 14. Qe2 f5 15. Qc4+ Kh8 16. f4 fxe4 17. Nxe4 Nf6 18. Nxd6 Qxd6 19. Be3 Be6 20. Qc2 Rfe8 21. Rfd1 Bd5 22. Bg1 a5 23. Rac1 Qe6 24. Re1 Qf7 25. Bd4 Bxg2 26. Bxf6 Bd5 27. Be5 Bxa2 28. Re3 Bd5 29. Rce1 Kg8 30. Qc3 Re7 31. Qd4 Rae8 32. Qd2 Qe6 33. Bd4 Qf7 34. Be5 Qg6 35. Qc3 Qf7 36. Qd2 Qe6 37. Bd4 Qf7 1/2-1/2

[Event "Ruhrgebiet Verbandsklasse Gruppe 1 1516"]
[Site "Germany"]
[Date "2015.11.29"]
[Round "4.5"]
[White "Bense, Dirk"]
[Black "Kalkhoff, Andreas"]
[Result "1-0"]
[WhiteElo "1934"]
[BlackElo "1777"]
[PlyCount "71"]
[EventDate "2015.09.06"]
[EventType "team-tourn"]
[EventRounds "9"]
[EventCountry "GER"]
[SourceTitle "EXT 2022"]
[Source "ChessBase"]
[SourceDate "2021.10.06"]
[SourceVersion "1"]
[SourceVersionDate "2021.10.06"]
[SourceQuality "1"]
[WhiteTeam "Brackel SF III"]
[BlackTeam "Borbeck Weisse Dame II"]
[WhiteTeamCountry "GER"]
[BlackTeamCountry "GER"]

1. e4 d5 2. exd5 Qxd5 3. Nf3 Nf6 4. Be2 Bg4 5. d4 e6 6. 0-0 Be7 7. c4 Qd8 8. Qb3 Qc8 9. Nc3 c6 10. Bf4 Nbd7 11. Rac1 0-0 12. h3 Bh5 13. Rfd1 Re8 14. a3 Bf8 15. Bh2 h6 16. Rd2 b6 17. Qd1 Qb7 18. Bd3 e5 19. dxe5 Nxe5 20. Bxe5 Rxe5 21. g4 Rae8 22. Nxe5 Rxe5 23. Qf3 Rg5 24. Ne4 Nxe4 25. Qxe4 Bg6 26. Qe8 f5 27. Qe6+ Bf7 28. Qe2 fxg4 29. hxg4 h5 30. Bf5 hxg4 31. Rd7 Qc8 32. Rxf7 Rxf5 33. Rxf5 Qxf5 34. Re1 Bc5 35. Kg2 Qf4 36. Qe8+ 1-0

[Event "NRW Verbandsklasse Group3 1314"]
[Site "Nordrheinwestfalen"]
[Date "2014.04.06"]
[Round "9"]
[White "Kalkhoff, Andreas"]
[Black "Remmler, Dirk"]
[Result "1-0"]
[WhiteElo "1728"]
[BlackElo "1656"]
[PlyCount "107"]
[EventDate "2013.09.08"]
[EventType "team-tourn"]
[EventRounds "9"]
[EventCountry "GER"]
[SourceTitle "EXT 2020"]
[Source "ChessBase"]
[SourceDate "2019.10.17"]
[SourceVersion "1"]
[SourceVersionDate "2019.10.17"]
[SourceQuality "1"]
[WhiteTeam "Weisse Dame Borbeck II"]
[BlackTeam "Dortmund FS 98 II"]
[WhiteTeamCountry "GER"]
[BlackTeamCountry "GER"]

1. d4 Nf6 2. Nf3 d6 3. Bg5 Ne4 4. Bf4 g6 5. Nbd2 Nxd2 6. Qxd2 h6 7. e4 Bg7 8. c3 Nc6 9. Be2 e5 10. dxe5 Nxe5 11. Nxe5 dxe5 12. Qxd8+ Kxd8 13. Rd1+ Ke8 14. Be3 Be6 15. b3 a6 16. 0-0 Rd8 17. c4 Bf8 18. Rxd8+ Kxd8 19. f4 f6 20. fxe5 fxe5 21. Rf6 Kd7 22. Rxg6 Rg8 23. Rf6 Bg7 24. Rf1 Rf8 25. Rd1+ Kc6 26. b4 b6 27. a4 Rf7 28. c5 bxc5 29. b5+ axb5 30. Bxb5+ Kb6 31. Rb1 Rf6 32. Be8+ Ka6 33. Bxc5 Bc4 34. Bb5+ Bxb5 35. axb5+ Ka5 36. Be3 Rf7 37. h3 Bf8 38. b6 cxb6 39. Rxb6 Ka4 40. Re6 Bg7 41. Bxh6 Bxh6 42. Rxh6 Rf4 43. Re6 Rxe4 44. g4 Kb4 45. g5 Rh4 46. Kg2 Kc4 47. Rxe5 Kd4 48. Ra5 Rh8 49. Kg3 Ke4 50. Kg4 Rb8 51. h4 Rb1 52. Kh5 Kf4 53. g6 Rg1 54. Rg5 1-0

[Event "NRW Verbandsklasse Group3 1314"]
[Site "Nordrheinwestfalen"]
[Date "2014.01.26"]
[Round "6.7"]
[White "Kalkhoff, Andreas"]
[Black "Rybicki, Hans"]
[Result "1/2-1/2"]
[WhiteElo "1728"]
[BlackElo "1879"]
[PlyCount "82"]
[EventDate "2013.09.08"]
[EventType "team-tourn"]
[EventRounds "9"]
[EventCountry "GER"]
[SourceTitle "EXT 2020"]
[Source "ChessBase"]
[SourceDate "2019.10.17"]
[SourceVersion "1"]
[SourceVersionDate "2019.10.17"]
[SourceQuality "1"]
[WhiteTeam "Weisse Dame Borbeck II"]
[BlackTeam "Kamen SV II"]
[WhiteTeamCountry "GER"]
[BlackTeamCountry "GER"]

1. d4 Nf6 2. Nf3 g6 3. Bg5 Bg7 4. Nbd2 d6 5. e4 Nbd7 6. Bd3 0-0 7. 0-0 h6 8. Bxf6 Bxf6 9. c3 e5 10. dxe5 dxe5 11. b4 Bg7 12. Bc4 Qe7 13. Qe2 Kh7 14. Bb3 f5 15. exf5 gxf5 16. Nc4 e4 17. Rac1 Bf6 18. Nd4 Ne5 19. Nxe5 Qxe5 20. Rfe1 Bg5 21. Nf3 Qf6 22. Nxg5+ Qxg5 23. Rcd1 Re8 24. Qc4 Qg7 25. Qb5 c6 26. Qc5 f4 27. Qd4 Bf5 28. Qxg7+ Kxg7 29. Rd4 Re5 30. Kf1 Rae8 31. a4 R8e7 32. a5 c5 33. Rd5 cxb4 34. cxb4 b6 35. axb6 axb6 36. b5 Bd7 37. Rxe5 Rxe5 38. Bc4 Bxb5 39. Bxb5 Rxb5 40. Rxe4 Rf5 41. Ke2 Kf6 1/2-1/2

[Event "Ruhrgebiet VK1 0910"]
[Site "Ruhrgebiet"]
[Date "2009.09.06"]
[Round "1.8"]
[White "Kalkhoff, Andreas"]
[Black "Zagrabski, Marc"]
[Result "1-0"]
[WhiteElo "1997"]
[BlackElo "1856"]
[PlyCount "83"]
[EventDate "2009.09.06"]
[EventType "team"]
[EventRounds "9"]
[EventCountry "GER"]
[SourceTitle "EXT 2011"]
[Source "ChessBase"]
[SourceDate "2010.11.26"]
[SourceVersion "1"]
[SourceVersionDate "2010.11.26"]
[SourceQuality "1"]
[WhiteTeam "Borbeck Weisse Dame II"]
[BlackTeam "Essen Ueberruhr II"]
[WhiteTeamCountry "GER"]
[BlackTeamCountry "GER"]

1. d4 Nf6 2. Nf3 g6 3. Bg5 Bg7 4. Nbd2 d6 5. e4 Nc6 6. c3 0-0 7. Bd3 e5 8. dxe5 dxe5 9. Qe2 a6 10. 0-0 h6 11. Bxf6 Qxf6 12. Rad1 Qf4 13. a4 Bg4 14. h3 Be6 15. Bc4 Bxc4 16. Qxc4 g5 17. g3 Qf6 18. Kg2 b5 19. axb5 axb5 20. Qb3 Rfb8 21. Qc2 Ra2 22. Ra1 Qe6 23. Rxa2 Qxa2 24. Nb3 Qa4 25. Ra1 Qc4 26. Nbd2 Qc5 27. Ne1 Rd8 28. Nf1 Bf8 29. Ne3 Ne7 30. Nd3 Qd6 31. Rd1 Ng6 32. Nb4 Qf6 33. Nbd5 Rxd5 34. Nxd5 Qc6 35. Qd3 Kg7 36. Ne3 Bd6 37. Nf5+ Kh7 38. Qf3 Bc5 39. Rd5 f6 40. Qd3 h5 41. Rxc5 Qxc5 42. Qd7+ 1-0

[Event "Essen Werden op"]
[Site "Essen"]
[Date "2004.07.02"]
[Round "5"]
[White "Kaltenpoth, Werner"]
[Black "Kalkhoff, Andreas"]
[Result "1/2-1/2"]
[WhiteElo "1582"]
[BlackElo "1733"]
[PlyCount "92"]
[EventDate "2004.06.04"]
[EventType "swiss"]
[EventRounds "7"]
[EventCountry "GER"]
[SourceTitle "EXT 2007"]
[Source "ChessBase"]
[SourceDate "2006.11.23"]
[SourceVersion "1"]
[SourceVersionDate "2006.11.23"]
[SourceQuality "1"]

1. c4 g6 2. Nc3 Bg7 3. d4 c5 4. Nf3 cxd4 5. Nxd4 Nc6 6. e3 Nf6 7. Be2 0-0 8. 0-0 a6 9. b3 d6 10. Bb2 Bd7 11. Bf3 Rc8 12. Qd2 Bg4 13. Bxg4 Nxg4 14. Nxc6 bxc6 15. Ne4 Bxb2 16. Qxb2 d5 17. cxd5 cxd5 18. Ng3 Qd6 19. h3 Nf6 20. Rac1 h5 21. Rxc8 Rxc8 22. Rc1 Rxc1+ 23. Qxc1 e5 24. a3 Nd7 25. b4 Kf8 26. Qc8+ Ke7 27. Ne2 d4 28. exd4 exd4 29. Qc4 d3 30. Nc3 Ne5 31. Qe4 f5 32. Qe3 Kf7 33. Qc5 Ke6 34. Qc8+ Kf7 35. Qc5 Qxc5 36. bxc5 Ke6 37. f4 Nc4 38. Kf2 Kd7 39. Nd5 d2 40. Ke2 Kc6 41. Nb4+ Kxc5 42. Nxa6+ Kb5 43. Nc7+ Ka4 44. Nd5 Kxa3 45. Nc3 Kb2 46. Kd3 Kb3 1/2-1/2

[Event "Essen Werden op"]
[Site "Essen"]
[Date "2004.06.18"]
[Round "3"]
[White "Schumacher, Peter"]
[Black "Kalkhoff, Andreas"]
[Result "0-1"]
[WhiteElo "1385"]
[BlackElo "1733"]
[PlyCount "82"]
[EventDate "2004.06.04"]
[EventType "swiss"]
[EventRounds "7"]
[EventCountry "GER"]
[SourceTitle "EXT 2007"]
[Source "ChessBase"]
[SourceDate "2006.11.23"]
[SourceVersion "1"]
[SourceVersionDate "2006.11.23"]
[SourceQuality "1"]

1. d4 Nf6 2. Nf3 g6 3. Nbd2 d5 4. e3 Bg7 5. Bd3 0-0 6. 0-0 Nbd7 7. e4 dxe4 8. Nxe4 c6 9. c3 Qc7 10. Re1 Re8 11. a4 Nd5 12. b4 N7f6 13. Nxf6+ Bxf6 14. Qb3 Bg4 15. Nd2 e5 16. Bb2 exd4 17. cxd4 Bg7 18. Bc4 Be6 19. Rac1 Qd7 20. Ne4 Rad8 21. Nc5 Qc8 22. Nxe6 Rxe6 23. Red1 Qd7 24. Bxd5 Qxd5 25. Qxd5 Rxd5 26. Rc2 Bxd4 27. Bxd4 Rxd4 28. Rcc1 Rxb4 29. Rd7 Rb2 30. g3 Ree2 31. Rf1 Kf8 32. Kg2 Ke8 33. Rc7 Re7 34. Rc8+ Kd7 35. Ra8 a6 36. Rd1+ Kc7 37. Rdd8 Kb6 38. Rd4 Ka5 39. Ra7 Rb4 40. Rd6 Rc4 41. Rf6 Kxa4 0-1